<?xml version="1.0" encoding="UTF-8"?>
<collection xmlns="http://www.loc.gov/MARC21/slim">
 <record>
  <leader>01329nam a22001937a 4500</leader>
  <controlfield tag="001">NCT_71084</controlfield>
  <controlfield tag="008">190926b        xxu||||| |||| 00| 0 vie d</controlfield>
  <datafield tag="999" ind1=" " ind2=" ">
   <subfield code="c">3459</subfield>
   <subfield code="d">3459</subfield>
  </datafield>
  <datafield tag="020" ind1=" " ind2=" ">
   <subfield code="c">17000</subfield>
  </datafield>
  <datafield tag="082" ind1="0" ind2="4">
   <subfield code="2">23rd ed.</subfield>
   <subfield code="a">158.128</subfield>
   <subfield code="b">Qu106</subfield>
  </datafield>
  <datafield tag="100" ind1="0" ind2=" ">
   <subfield code="a">Nhật Quang</subfield>
  </datafield>
  <datafield tag="245" ind1="1" ind2="0">
   <subfield code="a">Cội thiền :</subfield>
   <subfield code="b">Nguồn cội và đời sống người hiền lương</subfield>
   <subfield code="c">Nhật Quang</subfield>
  </datafield>
  <datafield tag="260" ind1=" " ind2=" ">
   <subfield code="a">Tp. Hồ Chí Minh</subfield>
   <subfield code="b">NXB Tp. Hồ Chí Minh</subfield>
   <subfield code="c">2001</subfield>
  </datafield>
  <datafield tag="300" ind1=" " ind2=" ">
   <subfield code="a">214 tr.</subfield>
   <subfield code="c">20cm</subfield>
  </datafield>
  <datafield tag="520" ind1="3" ind2=" ">
   <subfield code="a">Quyển sách nói về thiền định bao gồm những phần sau: cội thiền, tỉnh sáng để tu, điều phục sợ hãi và sân giận, hạnh hướng của người tu, nói với người tu thiền, nội chướng ngoại chướng, tâm kiên cố của người tu, phương tiện cho người tu thiền, những tai hại của ngũ trần, tắng ái đối với người tu, những điều cần thiết của sự tu, cái biết thấu suốt.</subfield>
  </datafield>
  <datafield tag="653" ind1=" " ind2=" ">
   <subfield code="a">Sách tham khảo</subfield>
  </datafield>
  <datafield tag="942" ind1=" " ind2=" ">
   <subfield code="2">ddc</subfield>
   <subfield code="c">BK</subfield>
  </datafield>
  <datafield tag="952" ind1=" " ind2=" ">
   <subfield code="0">0</subfield>
   <subfield code="1">0</subfield>
   <subfield code="2">ddc</subfield>
   <subfield code="4">0</subfield>
   <subfield code="6">158_128000000000000_QU106</subfield>
   <subfield code="7">0</subfield>
   <subfield code="9">18023</subfield>
   <subfield code="a">000001</subfield>
   <subfield code="b">000001</subfield>
   <subfield code="d">2019-09-26</subfield>
   <subfield code="o">158.128 Qu106</subfield>
   <subfield code="p">TK.01761</subfield>
   <subfield code="r">2019-09-26</subfield>
   <subfield code="v">17000.00</subfield>
   <subfield code="w">2019-09-26</subfield>
   <subfield code="y">BK</subfield>
  </datafield>
  <datafield tag="980" ind1=" " ind2=" ">
   <subfield code="a">Thư viện Trường Đại học Nam Cần Thơ</subfield>
  </datafield>
 </record>
</collection>
